000 00604nam a2200217Ia 4500
003 OSt
005 20220107122738.0
008 130318s9999 xx 000 0 und d
020 _a9788120330818
040 _cIIITM-K
082 _a005.5M SIN/M;1
100 _aSingh, Y Kirani
_94263
245 _aMATLAB programming
_cby Y Kirani Singh; B.B Chaidhuri
260 _bPHI Learning,
_aNew Delhi,
_c2007.
300 _axvii, 370p.
650 _aCOMPUTING SCIENCE
_94264
650 _aCOMPUTER PROGRAMING
_94265
650 _aMATLAB PROGRAMMING
_94266
700 _aChaudhuri, B.B
_94267
942 _2ddc
_cBK
999 _c3887
_d3887